[Event "Winter Chess Classic-A 2019"]
[Site "Saint Louis"]
[Date "2019.11.11"]
[Round "2.5"]
[White "Xiong, Jeffery"]
[Black "Sevian, Samuel"]
[Result "1/2-1/2"]
[WhiteElo "2712"]
[BlackElo "2657"]
[Annotator "TA"]
[PlyCount "48"]
[EventDate "2019.11.10"]
[EventType "tourn"]
[EventCountry "USA"]
[SourceTitle "playchess.com"]
[Source "ChessBase"]
[SourceQuality "1"]

{[%evp 17,48,-12,-14,-11,-10,-20,-17,0,-23,-21,-3,-28,0,0,0,0,0,0,0,0,0,0,0,0,0,0,0,0,0,0,0,0,0]} 1. e4 e5 2. Nf3 Nc6 3. d4 exd4 4. Nxd4 Nf6 5. Nxc6 bxc6 6. e5 Qe7 7. Qe2 Nd5 8. c4 Ba6 9. b3 g6 10. Ba3 {C45: Scotch Game} (10. g3 Bg7 11. Bb2 O-O 12. Bg2 Rae8 13. O-O Bxe5 14. Qxe5 Qxe5 15. Bxe5 Rxe5 16. cxd5 Bxf1 17. Kxf1 cxd5 18. Nc3 c6 19. Rd1 Rfe8 20. Bf3 Kf8 21. Ne2 {½-½ (41) Aronian,L (2765)-Amin,B (2709) Germany 2019}) 10... Nb4 11. Bb2 $1 Bg7 12. a3 Nd5 $1 13. Nd2 {[%cal Bb1d2,Bd2e4,Be4f6][%mdl 32]} O-O 14. O-O-O Rfe8 15. Qf3 {The position is equal.} Nb6 16. Ne4 Bxe5 17. Bxe5 Qxe5 18. Nf6+ {[%mdl 64] [#] Double Attack} Kf8 19. Nxe8 Qa1+ {[%mdl 64] Double Attack} 20. Kc2 Qa2+ 21. Kc1 $1 {And now Qc3 would win.} Qa1+ 22. Kc2 Qa2+ 23. Kc1 $1 {[#] Hoping for Qc3.} Qa1+ {[#]} 24. Kc2 $146 Qa2+ 1/2-1/2

[Event "Winter Chess Classic-A 2019"]
[Site "Saint Louis"]
[Date "2019.11.12"]
[Round "3.1"]
[White "Sevian, Samuel"]
[Black "Sethuraman, S.P."]
[Result "1-0"]
[WhiteElo "2657"]
[BlackElo "2634"]
[Annotator "TA"]
[PlyCount "103"]
[EventDate "2019.11.10"]
[EventType "tourn"]
[EventCountry "USA"]
[SourceTitle "playchess.com"]
[Source "ChessBase"]
[SourceQuality "1"]

{[%evp 10,109,4,0,0,0,9,5,0,7,0,0,0,5,12,14,0,0,14,35,15,14,12,11,54,50,91,91,84,80,72,72,72,70,87,70,74,78,79,32,22,37,73,64,65,62,62,62,98,97,101,100,120,122,124,105,96,102,121,106,129,129,125,129,120,125,126,129,117,120,125,91,92,82,391,388,278,173,183,173,596,563,574,555,504,353,488,489,497,462,5144,5073,4718,4810,4802,4709,5297,4798,29977,29978,29980,29981]} 1. c4 Nf6 2. Nc3 e5 3. Nf3 Nc6 4. g3 Bb4 5. Bg2 O-O 6. Nd5 e4 {...Nxd5 is the strong threat. A29: English Opening: Four Knights Variation with 4 g3} 7. Nh4 d6 {Threatens to win with ...g5.} 8. Nxb4 (8. b3 g5 9. Bb2 Nxd5 10. cxd5 Nb8 11. Qc2 gxh4 12. Bxe4 Re8 13. Bxh7+ Kf8 {1-0 (30) Giri,A (2764)-Aronian,L (2780) Leuven 2017}) 8... Nxb4 {The position is equal.} 9. a3 Nc6 10. d3 exd3 11. Qxd3 Be6 12. b3 d5 13. c5 $146 ({Predecessor:} 13. O-O dxc4 14. bxc4 Qe7 {½-½ (41) Dabija,M (2385)-Boeken,M (2380) ICCF email 2009}) 13... d4 14. Bxc6 bxc6 15. Bb2 Qd5 16. O-O Rad8 17. b4 Rfe8 18. Rfd1 Qb3 19. Bxd4 Bc4 20. Qxb3 Bxb3 21. Rd2 Ne4 22. Rb2 $1 Rxd4 23. Rxb3 Nd2 24. Rd3 (24. Re3 {is interesting.} Rxe3 25. fxe3 Rd5 26. Kg2 Kf8 27. Rc1) 24... Rxd3 25. exd3 $14 {[%mdl 4096] Endgame KRN-KRN} Nb3 26. Rb1 Nd4 27. Kg2 $1 Rd8 28. Kf1 Nb5 29. a4 Nd4 30. Rc1 a5 31. bxa5 Nb3 32. Rc3 Nxa5 33. Nf3 f6 34. Nd2 Kf7 35. Nb3 Ra8 36. Nxa5 Rxa5 $16 {KR-KR} 37. Rc4 Ke6 38. Ke2 Kd5 39. Kd2 Ra8 40. Kc3 g5 41. g4 Re8 $2 {[%mdl 8192]} (41... Ra5 $16 {is a better chance.}) 42. a5 $1 $18 {[%cal Ba4a5,Ba5a6,Ba6a7][%mdl 32]} Ra8 43. Kb4 Rb8+ 44. Ka3 Rb1 $2 (44... Ra8) 45. Ra4 $1 Kxc5 {[#]} 46. a6 $1 {[%cal Ra6a7] Black must now prevent a7.} Rb8 47. d4+ Kd5 48. a7 Ra8 {intending ...c5.} 49. Kb4 Kxd4 {[#]} (49... h6 $142 50. f3 c5+ 51. dxc5 Kc6 52. Ra6+ Kb7 53. Rxf6 Rh8) 50. Ka5+ $1 Kd3 51. Ka6 Ke2 52. Rc4 {Played: Ka6-b7} 1-0

[Event "Winter Chess Classic-A 2019"]
[Site "Saint Louis"]
[Date "2019.11.12"]
[Round "3.2"]
[White "Gabuzyan, Hovhannes"]
[Black "Xiong, Jeffery"]
[Result "1/2-1/2"]
[WhiteElo "2616"]
[BlackElo "2712"]
[Annotator "TA"]
[PlyCount "86"]
[EventDate "2019.11.10"]
[EventType "tourn"]
[EventCountry "USA"]
[SourceTitle "playchess.com"]
[Source "ChessBase"]
[SourceQuality "1"]

{[%evp 11,86,-13,20,0,2,0,21,17,50,45,56,38,46,33,37,35,54,52,58,57,67,47,35,19,17,0,0,0,0,0,0,0,0,0,13,0,30,0,32,31,39,33,49,41,48,16,23,0,0,0,115,101,95,89,97,0,83,0,0,0,0,0,0,0,0,0,0,0,0,0,0,0,0,0,0,0,15]} 1. e4 e5 2. Nf3 Nc6 3. d4 exd4 4. Nxd4 Bc5 5. Nb3 Bb6 6. Nc3 Nge7 (6... Nf6 {with more complications.} 7. Bd3 O-O 8. O-O Re8 9. Bg5 h6) 7. Qe2 {C45: Scotch Game} (7. Bg5 f6 8. Bh4 a5 9. Bb5 Ne5 10. f4 N5g6 11. Bg3 c6 12. Bc4 Bc7 13. Qf3 b5 14. Bd3 a4 {1-0 (37) Amin,B (2709)-Grandelius,N (2694) Astana 2019}) 7... O-O 8. Be3 f5 9. O-O-O f4 10. Bxb6 axb6 11. f3 d6 $146 ({Predecessor:} 11... Ne5 12. Nd4 d6 13. Kb1 Bd7 {1-0 (41) Burri,Q (2052)-Guerin,J (1634) Colmar 2013}) 12. a3 Be6 13. Qd2 Bxb3 14. cxb3 Ne5 15. Kb1 Rf6 16. Bc4+ Kh8 17. Rhe1 c6 18. Bf1 b5 19. Ne2 Qf8 20. Nd4 Qf7 21. Qc3 Qg6 22. Nc2 Qh5 23. h3 Nf7 24. Rd4 Qh4 25. Red1 h6 26. a4 c5 27. R4d2 b4 28. Qc4 {White wants to play Qb5.} Ra5 29. e5 Nxe5 30. Qe4 N7c6 (30... Nf5 $1 $11) 31. Rxd6 Rxd6 32. Rxd6 Ra8 33. Re6 (33. Bb5 $16) 33... Qf2 {[#]} (33... Qd8 $1 $11 {remains equal.} 34. Ka2 Qd1) 34. Ba6 ({Better is} 34. Be2 $1 $16) 34... bxa6 $11 {The position is equal.} 35. Rxe5 Nxe5 36. Qxa8+ {[%mdl 64] Double Attack} Kh7 37. Qe4+ Ng6 38. Ne1 {Strongly threatening Nd3.} c4 $1 {[%cal Rc4c3]} 39. bxc4 {[#] And now Nd3! would win.} b3 {Threatening ...Qd2.} 40. Kc1 h5 41. Qe6 Kh6 42. Qe4 Kh7 43. Qe6 Kh6 {Accuracy: White = 55%, Black = 62%.} 1/2-1/2

[Event "Winter Chess Classic-A 2019"]
[Site "Saint Louis"]
[Date "2019.11.12"]
[Round "3.3"]
[White "Naroditsky, Daniel"]
[Black "Oparin, Grigoriy"]
[Result "1/2-1/2"]
[WhiteElo "2613"]
[BlackElo "2657"]
[Annotator "TA"]
[PlyCount "61"]
[EventDate "2019.11.10"]
[EventType "tourn"]
[EventCountry "USA"]
[SourceTitle "playchess.com"]
[Source "ChessBase"]
[SourceQuality "1"]

{[%evp 21,61,-8,-6,-10,-1,-6,-4,-43,-26,-32,-32,-35,-7,-41,-43,-37,-41,-49,-39,-41,-8,-8,-7,-16,-29,-42,-40,-52,-51,-77,-58,-76,-30,-29,-29,-29,-30,-38,-30,-31,0,0]} 1. Nf3 Nf6 2. g3 d5 3. Bg2 c5 4. O-O g6 5. c3 Bg7 6. d4 cxd4 7. cxd4 O-O 8. Nc3 Ne4 9. Nxe4 dxe4 10. Ng5 Qxd4 11. Nxe4 Nc6 12. Nc3 {D79: Fianchetto Grünfeld: Symmetrical Variation (6 0-0 c6 7 cxd5 cxd5)} Qc4 $146 ({Predecessor:} 12... Rd8 13. Bxc6 bxc6 14. Be3 Qxd1 15. Rfxd1 Be6 16. Rxd8+ Rxd8 17. Rc1 Bxc3 18. Rxc3 Bxa2 19. f3 Bd5 20. Bxa7 f5 21. Re3 {½-½ (21) Lubbe,N (2509)-Vorobiov,E (2585) Lueneburg 2017}) 13. Be3 Be6 14. Bd5 Bxd5 15. Qxd5 Qb4 16. Qb3 Rfd8 17. Rfd1 Qxb3 18. axb3 f5 19. f3 Kf7 20. Kf2 b6 21. Rxd8 Rxd8 22. Nb5 Rd7 23. Rc1 Nb4 24. Rc4 Nd5 25. Ra4 Nxe3 26. Kxe3 Bxb2 27. Nxa7 $17 {KRB-KRN} Rd1 28. Nc6 Ke6 29. Ra2 Rb1 30. Kd3 $1 Bf6 31. Kc4 $1 {Accuracy: White = 56%, Black = 75%.} 1/2-1/2

[Event "Winter Chess Classic-A 2019"]
[Site "Saint Louis"]
[Date "2019.11.12"]
[Round "3.4"]
[White "Sarana, Alexey"]
[Black "Akobian, Varuzhan"]
[Result "0-1"]
[WhiteElo "2664"]
[BlackElo "2627"]
[Annotator "TA"]
[PlyCount "90"]
[EventDate "2019.11.10"]
[EventType "tourn"]
[EventCountry "USA"]
[SourceTitle "playchess.com"]
[Source "ChessBase"]
[SourceQuality "1"]

{[%evp 22,90,-8,-10,-7,-35,-3,-34,-19,-26,0,0,-13,-23,-35,-25,-27,-38,-15,-6,-5,-5,0,0,0,-23,-5,-18,0,-4,-6,-18,-18,-13,-19,-30,-30,-30,-30,-31,-30,-52,-31,-137,-137,-137,-137,-137,-133,-160,-137,-137,-137,-116,0,-116,-116,-116,-122,-129,-129,-129,-89,-1937,-1933,-1617,-1552,-1512,-1427,-29980,-29981]} 1. Nf3 d5 2. g3 Nf6 3. Bg2 e6 4. c4 dxc4 5. Qa4+ Nbd7 6. Qxc4 a6 7. Qc2 c5 8. O-O b5 9. b3 Bb7 10. Bb2 Be7 11. d3 O-O 12. Nbd2 Qb6 {A13: English Opening: 1...e6} 13. e4 Rfd8 14. Rac1 Rac8 {Black is slightly better.} 15. Rfd1 $146 ({Predecessor:} 15. Qb1 Nb8 16. Ne5 Nfd7 17. Ng4 {1-0 (66) Mogranzini,R (2486)-Di Benedetto,E (2269) Chianciano Terme 2018}) 15... Nb8 {[%cal Bd7b8,Bb8c6,Bc6d4][%mdl 32]} 16. Ne5 Nfd7 17. Nxd7 Rxd7 18. Nf3 Nc6 19. a3 Nd4 20. Nxd4 cxd4 21. Qd2 Rdc7 22. Rxc7 Rxc7 23. Rc1 e5 24. f4 h6 25. Rxc7 Qxc7 26. Bh3 Bc8 27. Bxc8 Qxc8 28. fxe5 Bg5 $36 {[%mdl 2048] Black has good play.} 29. Qe2 Be3+ 30. Kf1 a5 {[%mdl 1024] Black has compensation.} 31. a4 b4 32. Kg2 (32. Ke1 $1 $15) 32... g6 $17 33. Qd1 h5 34. Qe2 Qe6 35. Qd1 Kg7 36. h3 Kh7 (36... Qxe5 $6 37. Qe2 $11) 37. Qc2 {Qc4 would now be nice for White.} Kg7 ({Much weaker is} 37... Qxe5 $6 38. h4 $15) 38. Qd1 $1 Qc8 ({Reject} 38... Qxe5 39. Qf3 $11) 39. Qe2 Kf8 40. Qd1 Ke7 41. Qe2 Ke6 42. Qf1 $2 {[%mdl 8192]} (42. Kf1 $17) 42... Qc2+ $19 {[%mdl 64] [#] Double Attack} 43. Kh1 Kxe5 44. Ba1 Qxb3 45. h4 Qc2 {Accuracy: White = 46%, Black = 67%.} 0-1

[Event "Winter Chess Classic-A 2019"]
[Site "Saint Louis"]
[Date "2019.11.12"]
[Round "3.5"]
[White "Jumabayev, Rinat"]
[Black "Erdos, Viktor"]
[Result "1/2-1/2"]
[WhiteElo "2641"]
[BlackElo "2613"]
[Annotator "TA"]
[PlyCount "158"]
[EventDate "2019.11.10"]
[EventType "tourn"]
[EventCountry "USA"]
[SourceTitle "playchess.com"]
[Source "ChessBase"]
[SourceQuality "1"]

{[%evp 9,158,32,32,31,28,24,29,14,21,20,27,0,8,0,0,0,0,0,0,0,0,0,0,0,0,0,14,0,18,0,0,0,0,-3,0,0,0,0,0,0,0,0,0,0,0,0,27,43,37,30,30,39,26,31,75,80,94,100,125,63,100,100,102,78,81,83,100,82,87,82,102,82,83,82,113,56,56,56,56,56,56,48,49,49,56,56,56,47,48,48,182,182,182,175,175,175,225,186,195,127,226,109,182,175,172,140,192,192,226,225,218,218,282,189,192,0,179,186,183,175,186,147,147,153,147,147,183,67,125,125,125,125,177,196,189,179,171,0,0,0,0,0,0,0,0,0,0,0,0,0,0]} 1. Nf3 d5 2. d4 Bf5 3. c4 e6 4. Nc3 Nc6 5. Bf4 Bd6 6. Bg3 {D06: Queen's Gambit: Symmetrical and Baltic Defences} (6. cxd5 exd5 7. Nxd5 Be4 8. Nc3 Bxf3 9. Bxd6 Qxd6 10. gxf3 Qxd4 11. e3 Qf6 12. Nd5 Qd6 13. Qb3 {½-½ (60) Aronian,L (2795)-Li,C (2746) Moscow 2016}) 6... Nf6 7. e3 O-O 8. a3 {White has an edge.} Bxg3 9. hxg3 h6 $146 ({Predecessor:} 9... Re8 10. Be2 a6 11. O-O dxc4 12. Bxc4 b5 13. Be2 {½-½ (13) Gerbes,P-Speier,R Eisenberg 1993}) 10. Bd3 Bxd3 11. Qxd3 Re8 12. Rd1 Na5 13. Ne5 Nxc4 14. Nxc4 dxc4 15. Qxc4 Qe7 16. O-O c6 17. Rd2 e5 18. Rfd1 Rad8 19. Qa4 a6 20. Qa5 e4 21. Qc5 Nd5 22. Qxe7 Rxe7 23. Rc2 f5 24. b4 Kf7 25. Rb1 Nb6 26. a4 Nc4 {And now ...Na3 would win.} 27. Rbc1 Nd6 28. d5 cxd5 29. Nxd5 Red7 30. Nb6 Re7 31. Rd2 Ke8 32. Rc5 g6 33. Nd5 $1 $36 {[%cal Rd5e7][%mdl 2048] Keeping Black busy.} Rf7 34. Nf4 (34. Nc7+ $1 $16 Kd7 35. b5) 34... g5 35. Ne6 Rdd7 36. Rdd5 Rf6 37. Nd4 Rdf7 38. b5 axb5 39. axb5 Kd7 40. b6 {aiming for Nb5.} Ke8 41. Kh2 Rd7 42. Nxf5 ({White should play} 42. Rc7 $16) 42... Nxf5 $14 43. Rxf5 Rxb6 $16 {[%mdl 4096] Endgame KRR-KRR} 44. Rc8+ Ke7 45. Re5+ Kf7 46. g4 Rf6 47. Kg3 Re6 $1 {[%cal Re6e5]} 48. Rf8+ (48. Rb5 {seems wilder.} b6 49. Rb4 Rb7 50. Rd8 Re5 51. Rd6) 48... Kxf8 49. Rxe6 $14 {KR-KR} Kg7 (49... b5 $14) 50. Rxe4 $18 b5 51. Kf3 Rb7 52. Rb4 Kf6 53. Ke4 Ke6 54. Kd4 (54. Rb2 $18) 54... Kd6 (54... Rd7+ $16 {is a better defense.} 55. Kc3 Rc7+ 56. Kb3 Kd5) 55. Kc3 (55. e4 $18 {and White stays clearly on top.}) 55... Rc7+ (55... Kc5 $16 {keeps fighting.}) 56. Kb3 $1 Rf7 57. Rd4+ ({Not} 57. Rxb5 Rxf2 58. Kc3 Rxg2 $11) 57... Kc6 (57... Kc5 $16 {was necessary.}) 58. f3 $1 Re7 59. e4 Ra7 60. Rd1 Ra6 61. Rc1+ Kd6 62. Rd1+ Kc6 $1 63. Rd8 Ra1 64. Rc8+ Kd6 65. Rh8 Rh1 66. Kb4 Rb1+ 67. Kc3 Rh1 68. Rf8 (68. Rd8+ $18 Kc5 69. Rd5+ Kc6 70. Re5) 68... Rc1+ $14 69. Kd4 Rd1+ {[#]} 70. Ke3 $1 {Threatens to win with Rd8+.} Rg1 (70... Re1+ $16 71. Kd3 Rh1) 71. Rf6+ $18 Kc5 72. Rxh6 b4 {[%cal Bb5b4,Bb4b3][%mdl 32] [#]} 73. Rh8 $2 (73. Kd3 $1 $18) 73... b3 $1 $11 {[%cal Rb3b2] The position is equal.} 74. Rc8+ Kb4 75. Kf2 Rh1 {...b2 is the strong threat.} 76. Rb8+ Kc3 77. Rc8+ $1 Kd3 78. Rb8 Kc3 {Strongly threatening ...b2.} 79. Rc8+ Kd3 {Accuracy: White = 63%, Black = 61%.} 1/2-1/2

[Event "Winter Chess Classic-A 2019"]
[Site "Saint Louis"]
[Date "2019.11.13"]
[Round "4.1"]
[White "Sethuraman, S.P."]
[Black "Erdos, Viktor"]
[Result "1-0"]
[WhiteElo "2634"]
[BlackElo "2613"]
[Annotator "TA"]
[PlyCount "81"]
[EventDate "2019.11.10"]
[EventType "tourn"]
[EventCountry "USA"]
[SourceTitle "playchess.com"]
[Source "ChessBase"]
[SourceQuality "1"]

{[%evp 13,81,35,47,45,48,52,43,38,36,37,35,33,5,18,60,58,48,64,47,56,281,282,393,386,373,325,420,425,429,441,441,434,430,435,429,431,768,401,375,0,197,188,183,169,169,170,170,0,0,0,333,341,337,330,328,319,280,281,276,268,579,572,559,485,661,650,2220,1805,5173,5118]} 1. e4 e5 2. Nf3 Nc6 3. Bb5 a6 4. Ba4 Nf6 5. O-O Bc5 6. c3 O-O 7. d4 Ba7 8. Bg5 $146 {C78: Ruy Lopez: Archangelsk and Möller Defences} (8. dxe5 Nxe4 9. Bc2 d5 10. exd6 Nxd6 11. Bg5 f6 12. Bf4 g5 13. Bxd6 Qxd6 14. Qxd6 cxd6 15. Nbd2 g4 {0-1 (73) Vallejo Pons,F (2693)-Carlsen,M (2845) Karlsruhe/Baden Baden 2019}) 8... h6 9. Bh4 $1 exd4 10. Re1 {aiming for e5.White is slightly better.} d6 11. Bxc6 {And now Ba4 would win.} dxc3 12. Nxc3 {Bd5 is the strong threat.} bxc6 13. Qc1 {Black must now prevent e5.} Re8 14. e5 dxe5 15. Ne4 $1 {Strongly threatening Bxf6.} Re6 {[#]} 16. Nxe5 $1 {[%mdl 512]} Nxe4 $2 (16... Bd4 $14 17. Nxf6+ (17. Nxc6 Qd5 $14) 17... gxf6 18. Nxc6 Rxe1+ 19. Qxe1 Qd7) (16... Rxe5 17. Nxf6+) 17. Bxd8 $18 Bxf2+ 18. Kh1 Bxe1 19. Qf4 {[%mdl 64] Double Attack} (19. Qxe1 Rxe5 20. Bxc7 Re6 $14) 19... Bb4 20. Qxf7+ Kh8 21. Ng6+ Kh7 22. Nf4 Re5 23. Qg6+ Kg8 24. Qxc6 {[%mdl 64] Double Attack} Nf2+ 25. Kg1 Bc5 26. h3 $2 (26. Qxa8 Ne4+ 27. Kh1 Nf2+ 28. Kg1 Ng4+ 29. Kh1 Nf2+ 30. Kg1 $11) (26. Bh4 $18 Ne4+ 27. Kh1) 26... Bb7 $2 (26... Nxh3+ $1 $11 27. Kh2 Nxf4 28. Qxa8 Rh5+ 29. Kg3 Ne2+ 30. Kf3 Nd4+ 31. Kf4 Ne2+ 32. Ke4 Bf5+ 33. Kf3 Nd4+ 34. Ke3 Kh7) 27. Qxb7 Rxd8 28. Kh2 Bd6 29. Qb3+ Kh7 {[#] With the idea ...Re4.} 30. Qc2+ $2 (30. g3 $1 $18) 30... Re4 $11 31. g3 Bxf4 $4 {[%mdl 8192]} (31... Bb4 $1 $11) 32. gxf4 $18 Nd3 33. Rd1 ({Weaker is} 33. Qxc7 Re2+ 34. Kg1 Rde8 $11) 33... Re3 34. Qxc7 Rde8 {[#]} 35. Rg1 $1 {[%csl Gg1][%cal Rc7g7]} R8e7 36. Qd6 Ne1 $2 (36... Rf7 {is more resistant.} 37. Rg4 (37. Qxa6 Nxf4 38. Rg4 Rxh3+ 39. Kg1 h5 $11) 37... h5 38. Qg6+ Kg8) 37. Rg3 {White is clearly winning.} R3e6 38. Qd4 h5 39. Kh1 g6 {[#]} 40. f5 $1 gxf5 41. Qf4 {Accuracy: White = 82%, Black = 49%.} 1-0

[Event "Winter Chess Classic-A 2019"]
[Site "Saint Louis"]
[Date "2019.11.13"]
[Round "4.2"]
[White "Akobian, Varuzhan"]
[Black "Jumabayev, Rinat"]
[Result "0-1"]
[WhiteElo "2627"]
[BlackElo "2641"]
[Annotator "ChessBase"]
[PlyCount "142"]
[EventDate "2019.11.10"]
[EventType "tourn"]
[EventCountry "USA"]
[SourceTitle "playchess.com"]
[Source "ChessBase"]
[SourceQuality "1"]
[TimeControl "40/5400+30:1800+30"]

1. d4 {[%emt 0:00:00]} d6 {[%emt 0:00:00]} 2. e4 {[%emt 0:02:47]} Nf6 {[%emt 0:00:09]} 3. Nc3 {[%emt 0:00:06]} g6 {[%emt 0:00:04]} 4. f3 {[%emt 0:04:12]} c6 {[%emt 0:00:27]} 5. Be3 {[%emt 0:01:04]} b5 {[%emt 0:00:44]} 6. e5 {[%emt 0:01:23]} b4 {[%emt 0:02:49]} 7. exf6 {[%emt 0:15:52]} bxc3 {[%emt 0:00:39]} 8. bxc3 {[%emt 0:00:10]} exf6 {[%emt 0:00:17]} 9. Bd3 {[%emt 0:00:32]} Bg7 {[%emt 0:10:04]} 10. Ne2 {[%emt 0:00:26]} O-O {[%emt 0:01:15]} 11. Qd2 {[%emt 0:00:22]} Ba6 {[%emt 0:02:01]} 12. h4 {[%emt 0:11:27]} Re8 {[%emt 0:03:08]} 13. h5 {[%emt 0:01:19]} Qa5 {[%emt 0:14:04]} 14. Bf4 {[%emt 0:21:46]} d5 {[%emt 0:09:09]} 15. Kf2 {[%emt 0:03:35]} Nd7 {[%emt 0:01:50]} 16. Bd6 {[%emt 0:09:39]} c5 {[%emt 0:10:19]} 17. Bxa6 {[%emt 0:05:01]} Qxa6 {[%emt 0:00:23]} 18. dxc5 {[%emt 0:00:15]} Rac8 {[%emt 0:01:41]} 19. Qd3 {[%emt 0:02:57]} Qa4 {[%emt 0:03:19]} 20. hxg6 {[%emt 0:03:32]} hxg6 {[%emt 0:02:04]} 21. Qxd5 {[%emt 0:11:10]} Qxc2 {[%emt 0:03:56]} 22. Rhe1 {[%emt 0:00:41]} Bh6 {[%emt 0:10:09]} 23. f4 {[%emt 0:02:39]} f5 {[%emt 0:01:29]} 24. Qd1 {[%emt 0:00:34]} Qxd1 {[%emt 0:10:37]} 25. Rexd1 {[%emt 0:00:15]} Nxc5 {[%emt 0:00:13]} 26. Bxc5 {[%emt 0:00:06]} Rxc5 {[%emt 0:00:05]} 27. g3 {[%emt 0:00:36]} Ra5 {[%emt 0:03:23]} 28. Rd2 {[%emt 0:00:25]} Bf8 {[%emt 0:00:49]} 29. Rb1 {[%emt 0:01:05]} Bc5+ {[%emt 0:00:43]} 30. Nd4 {[%emt 0:00:31]} Bb6 {[%emt 0:01:03]} 31. Kf3 {[%emt 0:00:31]} Kg7 {[%emt 0:02:51]} 32. Rb3 {[%emt 0:00:30]} Re1 {[%emt 0:00:39]} 33. Rbb2 {[%emt 0:00:23]} Rc5 {[%emt 0:01:19]} 34. Rbc2 {[%emt 0:00:11]} Rc4 {[%emt 0:02:10]} 35. Rd3 {[%emt 0:00:22]} Kf6 {[%emt 0:02:46]} 36. Kg2 {[%emt 0:00:48]} Ra1 {[%emt 0:00:42]} 37. Kf3 {[%emt 0:00:42]} Ra4 {[%emt 0:00:25]} 38. Rdd2 {[%emt 0:00:08]} Bxd4 {[%emt 0:00:43]} 39. cxd4 {[%emt 0:00:27]} Ra3+ {[%emt 0:00:14]} 40. Kf2 {[%emt 0:00:00]} Rh1 {[%emt 0:00:00]} 41. Kg2 {[%emt 0:07:03]} Re1 {[%emt 0:02:12]} 42. Re2 {[%emt 0:10:48]} Rd1 {[%emt 0:04:44]} 43. Rc6+ {[%emt 0:13:36]} Kg7 {[%emt 0:00:29]} 44. Rc7 {[%emt 0:00:07]} Rdd3 {[%emt 0:01:13]} 45. Ree7 {[%emt 0:00:04]} Rxg3+ {[%emt 0:03:34]} 46. Kh2 {[%emt 0:00:01]} Kh6 {[%emt 0:03:15]} 47. Rxf7 {[%emt 0:00:02]} Kh5 {[%emt 0:00:46]} 48. Rf6 {[%emt 0:00:32]} Rgf3 {[%emt 0:07:41]} 49. Rh7+ {[%emt 0:00:14]} Kg4 {[%emt 0:00:04]} 50. Rxg6+ {[%emt 0:00:05]} Kxf4 {[%emt 0:00:01]} 51. Rg2 {[%emt 0:00:51]} Ke4 {[%emt 0:03:09]} 52. Rd7 {[%emt 0:02:52]} Rh3+ {[%emt 0:02:15]} 53. Kg1 {[%emt 0:00:01]} f4 {[%emt 0:00:15]} 54. d5 {[%emt 0:00:47]} f3 {[%emt 0:03:03]} 55. Rg4+ {[%emt 0:01:19]} Kf5 {[%emt 0:02:36]} 56. Rdg7 {[%emt 0:00:36]} Rxa2 {[%emt 0:00:14]} 57. R7g5+ {[%emt 0:00:23]} Kf6 {[%emt 0:00:04]} 58. Rg6+ {[%emt 0:00:13]} Ke5 {[%emt 0:00:08]} 59. R6g5+ {[%emt 0:00:14]} Kd6 {[%emt 0:00:06]} 60. Rf5 {[%emt 0:00:01]} a5 {[%emt 0:02:55]} 61. Rg6+ {[%emt 0:00:31]} Kc5 {[%emt 0:00:08]} 62. d6+ {[%emt 0:00:20]} Kc6 {[%emt 0:00:45]} 63. Rf7 {[%emt 0:01:30]} Rg2+ {[%emt 0:02:31]} 64. Rxg2 {[%emt 0:00:10]} fxg2 {[%emt 0:00:02]} 65. Kxg2 {[%emt 0:00:42]} Rd3 {[%emt 0:00:55]} 66. Kf2 {[%emt 0:00:54]} Rxd6 {[%emt 0:00:27]} 67. Rf5 {[%emt 0:00:31]} Kb6 {[%emt 0:00:34]} 68. Ke2 {[%emt 0:00:13]} a4 {[%emt 0:00:06]} 69. Rf3 {[%emt 0:00:35]} Kb5 {[%emt 0:00:37]} 70. Rd3 {[%emt 0:00:05]} Ra6 {[%emt 0:00:16]} 71. Rd8 {[%emt 0:01:10]} a3 {[%emt 0:00:27]} 0-1

[Event "Winter Chess Classic-A 2019"]
[Site "Saint Louis"]
[Date "2019.11.13"]
[Round "4.3"]
[White "Oparin, Grigoriy"]
[Black "Sarana, Alexey"]
[Result "1/2-1/2"]
[WhiteElo "2657"]
[BlackElo "2664"]
[Annotator "TA"]
[PlyCount "60"]
[EventDate "2019.11.10"]
[EventType "tourn"]
[EventCountry "USA"]
[SourceTitle "playchess.com"]
[Source "ChessBase"]
[SourceQuality "1"]

{[%evp 13,60,2,5,-8,1,8,18,-7,0,0,-4,-12,-12,-8,-17,-13,-14,-14,-14,-11,-8,-8,-2,-8,-8,-8,-8,-8,-8,-10,0,0,0,0,0,0,0,0,0,0,0,0,0,0,0,0,0,0,0]} 1. c4 e5 2. Nc3 Nf6 3. Nf3 Nc6 4. e4 Bc5 5. Nxe5 Nxe5 6. d4 Bb4 7. dxe5 Nxe4 $1 {The position is equal.} 8. Qf3 {A28: English Opening: Four Knights Variation} Nxc3 9. bxc3 Ba5 (9... Be7 10. Qg3 g6 11. Bh6 d6 12. Be2 Be6 13. Rd1 Qd7 14. exd6 cxd6 15. O-O O-O-O {½-½ (52) Carlsen,M (2861)-Nepomniachtchi,I (2773) Abidjan 2019}) 10. Ba3 d6 $1 11. exd6 {[#] Hoping for Qe3+.} O-O {Threatens to win with ...Bg4!} 12. Be2 Bg4 13. dxc7 $146 ({Predecessor:} 13. Qxg4 Bxc3+ 14. Kf1 Bxa1 15. dxc7 {½-½ (15) Heap,G (2056)-Heaven,P (1972) Bridgend 2015}) 13... Qxc7 14. Qxg4 Bxc3+ {[%mdl 64] [#] Double Attack} 15. Kf1 $1 {Strongly threatening Rc1.} Bxa1 16. Bxf8 Rxf8 17. g3 Bf6 18. Kg2 Rd8 19. Rd1 Rxd1 20. Bxd1 g6 21. Qe4 Qc6 22. Qxc6 bxc6 $11 {[%mdl 4096] Endgame KB-KB} 23. c5 Bd4 24. Ba4 Bxc5 25. Bxc6 f5 26. h4 Kg7 27. f4 h5 28. Kf3 Kf6 29. Bd5 Bd4 30. a4 a5 {Accuracy: White = 68%, Black = 84%.} 1/2-1/2